Pharmaceutical Chemistry Inorganic Vol.1 (Record no. 8410)

MARC details
000 -LEADER
fixed length control field 00339nam a2200121Ia 4500
008 - FIXED-LENGTH DATA ELEMENTS--GENERAL INFORMATION
fixed length control field 191201s2019 xx 000 0 und d
100 ## - MAIN ENTRY--PERSONAL NAME
Personal name CHATWAL,GR
245 #0 - TITLE STATEMENT
Title Pharmaceutical Chemistry Inorganic Vol.1
260 ## - PUBLICATION, DISTRIBUTION, ETC. (IMPRINT)
Name of publisher, distributor, etc Himalya Pub Hous
Place of publication, distribution, etc New Delhi
Date of publication, distribution, etc 2019
300 ## - PHYSICAL DESCRIPTION
Extent 469
650 ## - SUBJECT ADDED ENTRY--TOPICAL TERM
Topical term or geographic name as entry element Pharmaceutical inorganic Chemistry
942 ## - ADDED ENTRY ELEMENTS (KOHA)
Source of classification or shelving scheme Dewey Decimal Classification
Koha item type Text Books
942 ## - ADDED ENTRY ELEMENTS (KOHA)
-- 12
Holdings
Withdrawn status Lost status Source of classification or shelving scheme Damaged status Not for loan Collection code Home library Current library Shelving location Date acquired Source of acquisition Cost, normal purchase price Bill Number Total Checkouts Full call number Acc. no. / Barcode Date last seen Date last borrowed Actual Cost, discounted price Bill Date Koha item type
    Dewey Decimal Classification     Diploma in Pharmacy PIET C-LIBRARY PIET C-LIBRARY Ref. Sec. R03 31/10/2019 Kirti Prakashan 450.00 IN 4580 1 546 CHP DP792 14/01/2020 19/12/2019 328.50 19/08/2019 Reference Books
    Dewey Decimal Classification     Diploma in Pharmacy PIET C-LIBRARY PIET C-LIBRARY   31/10/2019 Kirti Prakashan 450.00 IN 4580 10 546 CHP DP793 19/03/2025 04/03/2025 328.50 19/08/2019 Text Books
    Dewey Decimal Classification     Diploma in Pharmacy PIET C-LIBRARY PIET C-LIBRARY   31/10/2019 Kirti Prakashan 450.00 IN 4580 8 546 CHP DP794 25/03/2026 12/03/2026 328.50 19/08/2019 Text Books
    Dewey Decimal Classification     Diploma in Pharmacy PIET C-LIBRARY PIET C-LIBRARY   31/10/2019 Kirti Prakashan 450.00 IN 4580 4 546 CHP DP795 06/07/2023 20/06/2023 328.50 19/08/2019 Text Books
    Dewey Decimal Classification     Diploma in Pharmacy PIET C-LIBRARY PIET C-LIBRARY   31/10/2019 Kirti Prakashan 450.00 IN 4580 3 546 CHP DP796 03/10/2023 19/09/2023 328.50 19/08/2019 Text Books

Design & Developed by: PIET Central Library
R70 Miles Stone Pattikalyana Samalkha Panipat 132102
mail ID :- [email protected], Phone No:- 0180-2569700 Ex.216